Matering basic management

Bibliographic Details
Main Author: Eyre, E.C
Other Authors: Pettinger, Richard
Format: Book
Published: Basingstoke, Hampshire , Macmillan Press , 1999
Edition:3rd ed.
Subjects:

MARC

LEADER 00000cam a2200000 7i4500
001 0000009679
005 20021106.0
020 |a 0333772407 
040 |a INS 
090 0 0 |a HD31   |b E98 1999 
100 1 |a Eyre, E.C. 
245 1 0 |a Matering basic management   |c E. C. Eyre and Richard Pettinger 
250 |a 3rd ed. 
260 |a Basingstoke, Hampshire ,   |c Macmillan Press ,   |c 1999 
300 |a 293p. ;   |c 24cm. 
650 0 0 |a Management 
700 1 |a Pettinger, Richard 
999 |a 0000008226   |b BOOK   |c Open Shelf   |e Default branch